|
|
|
|
| LEADER |
00956cam a2200241 a 4500 |
| 001 |
12967572 |
| 003 |
GR-PaULI |
| 005 |
20180608115843.0 |
| 008 |
020829s2002 fr a f b 000 0 fre d |
| 020 |
|
|
|a 2262017816
|
| 040 |
|
|
|a DLC
|b gre
|c DLC
|d GR-AiPI
|e AACR2
|
| 082 |
0 |
4 |
|a 796.809 37
|2 23
|
| 100 |
1 |
|
|a Bernet, Anne.
|9 169389
|e συγγραφέας
|
| 245 |
1 |
4 |
|a Les gladiateurs /
|c Anne Bernet.
|
| 260 |
|
|
|a Paris :
|b Perrin,
|c c2002.
|
| 300 |
|
|
|a 369 σ. :
|b εικ. ;
|c 23 εκ.
|
| 504 |
|
|
|a Περιλαμβάνει βιβλιογραφικές αναφορές (σ. [367]-369).
|
| 650 |
|
4 |
|9 169272
|a Μονομάχοι
|
| 650 |
|
4 |
|9 169391
|a Αθλητισμός και κράτος
|z Ρώμη
|
| 942 |
|
|
|2 ddc
|c BK15
|
| 952 |
|
|
|0 0
|1 0
|2 ddc
|4 0
|6 796_809000000000000_37_BER
|7 0
|9 222947
|a LISA
|b LISA
|c BSC
|d 2018-06-08
|i 14043
|l 0
|o 796.809 37 BER
|p 026000279596
|r 2018-06-08 00:00:00
|t 1
|w 2018-06-08
|y BK15
|
| 998 |
|
|
|c ΜΙΧΟΣΤΑΥΡΟΥ
|d 2018-06
|
| 999 |
|
|
|c 134736
|d 134736
|